LEADER 01135nam a2200241 u 4500 001 000000037998 003 CaOOAMICUS 005 20070226113828.0 008 980420s1811 it u000 u ita u 035 $a10791071 040 $aPUL(R)$bita 110 1 $aItalia (Regno, 1805-1814).$0(OLS)http://pul/name/12868 240 10$aLeggi, ecc.$9(Italia (Regno, 1805-1814).$0(OLS)http://pul/title/51655 245 10$aLegge generale di finanze pel 1811 e decreto sulla tariffa dei diritti delle ipoteche, sulla carta bollata e sul registro. 260 $aMilano :$bdalla Reale Stamperia,$c1811. 300 $a104 p. ;$c23 cm 500 $aContiene indici. 650 4$aFinanza.$0(OLS)http://pul/subject/18020 850 $aPUL 852 $aPUL$W1$xDP1 Antico 800$y27$m170 I 4$j51852$nBK-PRI$b $qStampati Antico$B51852$CPULBib$Z2$F51852 $H $81 941 1 $a15 996 $6245$aLegge generale di finanze pel 1811 e decreto sulla tariffa dei diritti delle ipoteche, sulla carta bollata e sul registro$9(OLS)http://pul/title/51663 996 $6260$aMilano :$bdalla Reale Stamperia$9(OLS)http://pul/publisher/63539 LEADER 01171nam a2200289 a 4500 001 000000124977 003 CaOOAMICUS 005 20110408123353.0 008 110408s2010 it u000 u ita r 020 $a978-88-348-1406-2 040 $aPUL$bita 082 04$a340.54 100 1 $aProvera, Giuseppe,$d1919-1990.$0(OLS)http://pul/name/28747 245 10$aLezioni sul processo civile giustinianeo :$bparte I estratto /$cGiuseppe Provera. 260 $aTorino :$bG. Giappichelli,$cİ2010. 300 $aVII, 256 p. ;$c24 cm 650 4$aDiritto romano.$0(OLS)http://pul/subject/382 850 $aPUL 852 $aPUL$W1$xSL Diritto e Scienze Sociali 3$y79$m340. 54 PROGI 1.1$j143875$qDDC 21$B142926$CPULBib$Z2$F142926 $H116288 $82 941 1 $a9 960 $aRoman law$9382 960 $aRoman law$9382 996 $6020$a978-88-348-1406-2$9(OLS)http://pul/number/146885 996 $6082$a340.54$9(OLS)http://pul/classification/477 996 $6245$aLezioni sul processo civile giustinianeo :$bparte I estratto$9(OLS)http://pul/title/157554 996 $6260$aTorino :$bG. Giappichelli$9(OLS)http://pul/publisher/49130